Les clubs de ligue 1 et ligue 2 saison 25/26 - Statistiques

Statistiques générales
  • Ce quiz a été pris 97 fois
  • Le résultat moyen est 27 sur 36
Statistiques - réponses
Ligue 1 / Ligue 2 % Correct
psg
97%
lille
96%
lens
95%
om
95%
strasbourg
95%
monaco
92%
ol
92%
nice
91%
rennes
89%
toulouse
89%
montpellier
88%
paris fc
88%
metz
87%
brest
86%
nantes
86%
reims
84%
auxerre
83%
saint etienne
83%
angers
82%
lorient
82%
le havre
70%
grenoble
63%
bastia
62%
nancy
62%
clermont
58%
amiens
57%
pau
55%
dunkerque
54%
guingamp
54%
ajaccio
53%
red star
51%
rodez
50%
troyes
50%
annecy
49%
le mans
49%
laval
42%
Aucun quiz correspondant
Distribution des résultats
% des personnes avec chaque résultat
Percentile par nombre de réponses
Votre historique - résultats
Vous n’avez pas pris ce quiz